| 000 | 00557nam a2200181 i 4500 | ||
|---|---|---|---|
| 001 | 74883 | ||
| 003 | ES-MaACL | ||
| 005 | 20230906172257.0 | ||
| 007 | t| | ||
| 008 | 040921s1922 ag ||||1| spa d | ||
| 100 | 1 |
_aGrandmontagne, Francisco. _959612 |
|
| 245 | 1 | 0 |
_aPaisajes de España _b: Galicia y Navarra / _cFrancisco Grandmontagne ; prólogo de Mario Sènz. |
| 260 |
_aBuenos Aires : _b[s.n., _c1922] ( _fGráf. Argentina) |
||
| 300 |
_a160 p. ; _c22 cm. |
||
| 700 | 1 |
_aSáenz, Mario. _9207890 |
|
| 852 |
_aES-MaACL _j1708-F-10 |
||
| 999 |
_c74883 _d74883 |
||